000 00925nam a2200301Ia 4500
003 OSt
005 20221007125533.0
006 a|||||r|||| 00| 0
007 ta
008 221006b |||||||| |||| 00| 0 eng d
020 _a0471647500 (hbd)
_c4446.51
024 _a12395
037 _b058, 31/08/2004, Dhanraj Book House
_cTextual
040 _aCDL
_cCDL
_beng
041 _2eng
_aeng
082 _aE1:4, P4 Carc
100 _aShapley John R Ed.
_9722091
245 0 _aInorganic syntheses
260 _aHoboken
_bJohn Wiley & Sons, Inc.
_c2004
300 _axx,260p.
_ccm.
490 _vVol 34
500 _aIncludes bibliographical references.; Indexes 233-260p.
650 _a Inorganic synthesis
_9722092
650 _a Synthesis
650 _aChemistry
942 _hE1:4, P4 Carc
_cTEXL
_2CC
999 _c1215458
_d1215458